Normal view
MARC view
Entry Personal Name
001 - CONTROL NUMBER
- control field: 235968
003 - CONTROL NUMBER IDENTIFIER
- control field: OSt
005 - DATE AND TIME OF LATEST TRANSACTION
- control field: 20250816114414.0
008 - FIXED-LENGTH DATA ELEMENTS
- fixed length control field: 250816|| aca||aabn | a|a d
040 ## - CATALOGING SOURCE
- Original cataloging agency: OSt
- Transcribing agency: OSt
100 ## - HEADING--PERSONAL NAME
- Personal name: KRASHNAMURTI (Ma Su).
- Dates associated with a name: ಕೃಷ್ಣಮೂರ್ತಿ (ಮಾ ಸು)
670 ## - SOURCE DATA FOUND
- Source citation: Work cat.: (OSt)107477: KRASHNAMURTI (Ma Su). ಕೃಷ್ಣಮೂರ್ತಿ (ಮಾ ಸು), Uttarada santa parampare., 2003